000 00614nam a2200181Ia 4500
008 090123s9999 xx 000 0 und d
082 _b11999
100 _aकुलकर्णी आशा
245 _aआमची आई खरी ग्रेट हं !
250 _a1
260 _bमेहता प्रकाशन
_c1980
300 _a62
600 _aकुलकर्णी आशा
630 _aआमची आई खरी ग्रेट हं !
700 _aकुलकर्णी आशा
730 _aआमची आई खरी ग्रेट हं !
942 _cBOOK
999 _c50063
_d50063